Chaîne de mots avec "a" en seule voyelle - Statistiques

Statistiques générales
  • Ce quiz a été pris 151 fois
  • Le résultat moyen est 17 sur 40
Statistiques - réponses
Question Réponse % Correct
Dire Dieu en arabe Allah
96%
Il était avec Eve le tout premier jour Adam
94%
Capitale de la Turquie Ankara
85%
Stress avant de monter sur scène Trac
81%
Livre d'Adolf Hitler commençant par Mein _ _ _ _ _ Kampf
79%
Grande île en face du Mozambique Madagascar
78%
Il nous flash avant même d'être prêt a sourire Radar
76%
Ancienne capitale de l'Indonésie depuis le 17 Août 2024 Jakarta
75%
Toile suspendue sur lequel on peut se reposer Hamac
71%
On a cet insecte en nous quand on est malade, déprimé Cafard
70%
Capitale du Ghana, ou met de Morue Accra / Acra
67%
Autre nom du dièse Hashtag
61%
Montagne du nord du Maghreb Atlas
55%
Prison qui renfermait Sirius Black Azkaban
55%
Département 81 Tarn
54%
Fille de Plantaquatix dans Astérix et Obélix Falbala
53%
Animatrice née en Gironde prénommée Sophie Davant
50%
Étendue de terre propre à la culture Champ
46%
Prénom signifiant princesse en hébreu Sarah
45%
Unité internationale, légale de pression, correspondant à 1 newton par mètre carré Pascal
41%
Membre d'une secte messianique d'origine jamaïcaine Rasta
34%
74% de la production mondiale de cette huile provient du Maroc Argan
33%
Autre nom du cobra indien Naja
28%
Nom de famille du rugbyman toulousain prénommé Romain Ntamack
26%
Respecte les directives de la loi islamique Halal
25%
Mammifère domestique de la famille des camélidés Alpaga
24%
Association de course automobile d'Amérique du Nord Nascar
24%
La mode à l'espagnole Zara
22%
Fait de toucher sa planche lors d'un saut en snow Grab
19%
Le Crocus Sativus permet de le cultiver Safran
19%
Partie d'une maison que l'on peut louer Appart
16%
Rangea dans un compartiment Classa
14%
Affluent de l'Isère Drac
10%
Individu connu pour sa capacité à se débrouiller Lascar
10%
Ancien pilote moto savoyard prénommé Loris Baz
4%
Spécialité culinaire sud-asiatique qui accompagne les caris Achard
2%
Coulée de boue géante après éruption d'un volcan Lahars
2%
La vacherie dans un français cadien Ranch
2%
Couleur rouge clair entre cerise et rose Nacarat
1%
Entreprise de travaux publics en 5 lettres Rampa
0%
Aucun quiz correspondant
Distribution des résultats
% des personnes avec chaque résultat
Percentile par nombre de réponses
Votre historique - résultats
Vous n’avez pas pris ce quiz